Paper Mario Tattle Log - Statistics

General Stats
  • This quiz has been taken 53 times
  • The average score is 66 of 143
Answer Stats
Answer % Correct
Goomba
100%
Koopa Troopa
91%
Paragoomba
91%
Bow??? (Duplighost)
82%
Bow??? (Lee)
82%
Bowser???
82%
Bowser (1)
82%
Bowser (2)
82%
Bowser (3)
82%
Bowser (4)
82%
Lakilester??? (Lee)
82%
Paratroopa
82%
Spiked Goomba
82%
Lakilester??? (Duplighost)
77%
Spike?
77%
Bob-omb
68%
Bombette??? (Lee)
68%
Goombario??? (Lee)
68%
Kooper??? (Lee)
68%
Piranha Plant
68%
Shy Guy
68%
Watt??? (Lee)
68%
Buzzy Beetle
64%
Magikoopa (1)
64%
Magikoopa (Copy)
64%
Magikoopa (Enemy)
64%
Parakarry??? (Lee)
64%
Pokey
64%
Blooper
59%
Bombette??? (Duplighost)
59%
Chomp
59%
Fuzzy
59%
General Guy
59%
Gloomba
59%
Goombario??? (Duplighost)
59%
Hyper Goomba
59%
Hyper Paragoomba
59%
Jr. Troopa (1)
59%
Jr. Troopa (2)
59%
Jr. Troopa (3)
59%
Jr. Troopa (4)
59%
Jr. Troopa (5)
59%
Jr. Troopa (6)
59%
Lakitu
59%
Lee
59%
Paragloomba
59%
Spiked Gloomba
59%
Sushie??? (Lee)
59%
Tubba Blubba (1)
59%
Tubba Blubba (2)
59%
Watt??? (Duplighost)
59%
Bandit
55%
Dark Koopa
55%
Huff N. Puff
55%
Kammy Koopa
55%
Koopa Bros.
55%
Kooper??? (Duplighost)
55%
Tubba's Heart
55%
Bullet Bill
50%
Crystal King
50%
Crystal King (Copy)
50%
Duplighost
50%
Ember
50%
Lava Bubble
50%
Parakarry??? (Duplighost)
50%
Spiny
50%
Sushie??? (Duplighost)
50%
Blue Goomba (1)
45%
Blue Goomba (2)
45%
Cleft
45%
Dry Bones
45%
Goomba King
45%
Koopatrol
45%
Lava Piranha (1)
45%
Lava Piranha (2)
45%
Red Goomba (1)
45%
Red Goomba (2)
45%
Ruff Puff
45%
Tutankoopa
45%
Anti Guy
41%
Bill Blaster
41%
Buzzar
41%
Clubba
41%
Fuzzipede
41%
Hammer Bro
41%
Kent C. Koopa
41%
Monty Mole (Green)
41%
Monty Mole (Mt. Rugged)
41%
Spike Top
41%
The Master (1)
41%
The Master (2)
41%
The Master (3)
41%
Amazy Dayzee
36%
Chan
36%
Electro Blooper
36%
Frost Piranha
36%
Hyper Cleft
36%
Jungle Fuzzy
32%
Sky Guy
32%
Spear Guy
32%
Stilt Guy
32%
Super Blooper
32%
Swooper
32%
Big Lantern Ghost
27%
Black Ninjakoopa
27%
Crazee Dayzee
27%
Crystal Bit
27%
Green Ninjakoopa
27%
Monstar
27%
Pokey Mummy
27%
Putrid Piranha
27%
Pyro Guy
27%
Red Magikoopa
27%
Red Ninjakoopa
27%
Shy Stack
27%
White Magikoopa
27%
Yellow Magikoopa
27%
Yellow Ninjakoopa
27%
Bombshell Bill
23%
Forest Fuzzy
23%
Gray Magikoopa
23%
Green Magikoopa
23%
Gulpit
23%
Lava Bud (1)
23%
Lava Bud (2)
23%
M. Bush
23%
Medi Guy
23%
Shy Squad
23%
Spy Guy
23%
Stone Chomp
23%
Blooper Baby
18%
Bombshell Bill Blaster
18%
Bzzap!
18%
Goomnut Tree
18%
Hurt Plant
18%
Swoopula
18%
Tuff Puff
18%
White Clubba
18%
Bony Beetle
14%
Groove Guy
14%
Petit Piranha
14%
Gulpits' Rocks
9%
Toy Tank
5%
No matching quizzes found
Score Distribution
Percent of People with Each Score
Percentile by Number Answered
Your Score History
You have not taken this quiz